Industrial, labour and general laws : (Record no. 101766)

MARC details
000 -LEADER
fixed length control field 00691nam a22002057a 4500
005 - DATE AND TIME OF LATEST TRANSACTION
control field 20160804103949.0
010 ## - LCCN (DPL NO)
LC control number ENG-115627
020 ## - INTERNATIONAL STANDARD BOOK NUMBER
International Standard Book Number 9789351437970
Terms of availability 525.00
035 ## - SYSTEM CONTROL NUMBER
System control number EN-99159
037 ## - SOURCE OF ACQUISITION
Source of stock number/acquisition DBAD/PUB
082 ## - DEWEY DECIMAL CLASSIFICATION NUMBER
Classification number 344.5401
100 ## - MAIN ENTRY--PERSONAL NAME
Personal name Vohra,Amit
245 ## - TITLE STATEMENT
Title Industrial, labour and general laws :
Remainder of title theory,cases and MCQs [CS executive programme,module-II Paper-7] /
Statement of responsibility, etc by Amit Vohra
250 ## - EDITION STATEMENT
Edition statement 2nd ed.
260 ## - PUBLICATION, DISTRIBUTION, ETC. (IMPRINT)
Place of publication, distribution, etc Gurgaon
Name of publisher, distributor, etc LexisNexis
Date of publication, distribution, etc 2016
270 ## - ADDRESS
Address 14th Floor, Bldg. No.10, Tower-B, DLF Cyber City, Phase-II
City Gurgaon
Postal code 122002
300 ## - PHYSICAL DESCRIPTION
Extent 522p
Other physical details 28cm(pbk)
490 ## - SERIES STATEMENT
Series statement CS Executive Module II paper VII
942 ## - ADDED ENTRY ELEMENTS (KOHA)
Source of classification or shelving scheme Dewey Decimal Classification
Item type English Books
Call number suffix VOH
Classification part 344.5401
Holdings
Withdrawn status Lost status Not for loan Collection code Home library Current library Date acquired Source of acquisition Cost, normal purchase price Full call number Barcode Copy number Cost, replacement price Koha item type
    Not For Loan Non-fiction D.B.Act.Division Bawana 03/08/2016 DBAD/PUB 525.00 344.5401 VOH EN-99159 1 525.00 English Books

© Delhi Public Library
Hit Counter
free hit counter